[Event "NZL-ch"]
[Site "Auckland"]
[Date "1997.??.??"]
[Round "4"]
[White "Hawkes, Peter D"]
[Black "Barlow, Matthew"]
[Result "1/2-1/2"]
[WhiteElo "2155"]
[BlackElo "2200"]
[PlyCount "80"]
[EventDate "1997.??.??"]
[EventType "swiss"]
[EventRounds "11"]
[EventCountry "NZL"]
[SourceTitle "EXT 1998"]
[Source "ChessBase"]
[SourceDate "1997.11.17"]
[SourceVersion "1"]
[SourceVersionDate "1997.11.17"]
[SourceQuality "1"]

1. e4 c5 2. d4 cxd4 3. c3 dxc3 4. Nxc3 Nc6 5. Nf3 e6 6. Bc4 d6 7. 0-0 Nf6 8. Qe2 Be7 9. Rd1 e5 10. Be3 0-0 11. Rac1 Be6 12. b4 a6 13. a4 Bxc4 14. Qxc4 Qc8 15. Bg5 Nd4 16. Qd3 Qg4 17. Bxf6 Nxf3+ 18. Qxf3 Qxf3 19. gxf3 Bxf6 20. Rxd6 Rac8 21. Ne2 Rxc1+ 22. Nxc1 Rd8 23. Rxd8+ Bxd8 24. Nd3 Be7 25. b5 f6 26. f4 exf4 27. Nxf4 Kf7 28. Nd5 Bd6 29. f4 Ke6 30. Kf2 f5 31. Kf3 fxe4+ 32. Kxe4 g6 33. h3 axb5 34. axb5 Ba3 35. Ne3 Bb2 36. f5+ gxf5+ 37. Nxf5 Ba1 38. h4 h5 39. Ng3 Bf6 40. Nxh5 Bxh4 1/2-1/2

[Event "NZL-ch"]
[Site "Auckland"]
[Date "1997.??.??"]
[Round "8"]
[White "Sutherland, John"]
[Black "Barlow, Matthew"]
[Result "0-1"]
[WhiteElo "2085"]
[BlackElo "2200"]
[PlyCount "92"]
[EventDate "1997.??.??"]
[EventType "swiss"]
[EventRounds "11"]
[EventCountry "NZL"]
[SourceTitle "EXT 1998"]
[Source "ChessBase"]
[SourceDate "1997.11.17"]
[SourceVersion "1"]
[SourceVersionDate "1997.11.17"]
[SourceQuality "1"]

1. d4 Nf6 2. Bg5 e6 3. e4 h6 4. Bxf6 Qxf6 5. Nc3 d6 6. Qd2 g6 7. 0-0-0 Bg7 8. Nf3 0-0 9. e5 Qe7 10. Bd3 Nd7 11. Rhe1 a6 12. h4 b5 13. Qf4 Bb7 14. Ne4 Bxe4 15. Bxe4 d5 16. Bd3 c5 17. c3 Rfb8 18. Kb1 Nb6 19. Nd2 Nc4 20. Qg3 cxd4 21. cxd4 Qb4 22. Nb3 a5 23. Re2 a4 24. Nc5 Na3+ 25. Ka1 Qxd4 26. Qe3 Qxe3 27. fxe3 Nc4 28. Bxc4 bxc4 29. Nd7 Rb4 30. Nf6+ Bxf6 31. exf6 c3 32. bxc3 Rxh4 33. e4 dxe4 34. Rd4 Rf4 35. Rexe4 Rxf6 36. Rxa4 Rxa4 37. Rxa4 Rf1+ 38. Kb2 Rf2+ 39. Kb3 Rxg2 40. Rb4 h5 41. a4 Rd2 42. a5 Rd8 43. a6 Ra8 44. Ra4 h4 45. Kb4 g5 46. Ra5 f5 0-1

[Event "NZL-ch reserves"]
[Site "New Zeeland"]
[Date "1996.??.??"]
[Round "?"]
[White "Barlow, Matthew"]
[Black "Guthrie, David"]
[Result "1-0"]
[WhiteElo "2175"]
[BlackElo "2110"]
[PlyCount "147"]
[EventDate "1995.12.??"]
[EventType "tourn"]
[EventRounds "11"]
[EventCountry "NZL"]
[SourceTitle "EXT 2003"]
[Source "ChessBase"]
[SourceDate "2002.11.25"]
[SourceVersion "1"]
[SourceVersionDate "2002.11.25"]
[SourceQuality "1"]

1. d4 Nf6 2. c4 e6 3. Nc3 d5 4. Nf3 Be7 5. Bg5 0-0 6. cxd5 exd5 7. e3 c6 8. Qc2 Nbd7 9. Bd3 Re8 10. 0-0 Nf8 11. Rab1 g6 12. b4 a6 13. a4 Ne6 14. Bh4 Ng7 15. b5 axb5 16. axb5 Bf5 17. bxc6 bxc6 18. Bxf5 Nxf5 19. Bxf6 Bxf6 20. Na4 Ne7 21. Rfc1 Qa5 22. Nc5 Ra7 23. g3 Rea8 24. Kg2 Kg7 25. Nd3 Qc7 26. Rb2 h5 27. h4 Ra5 28. Qd2 Ra1 29. Rc5 R1a5 30. Rcc2 Kg8 31. Nfe1 Kg7 32. Rb1 Ra1 33. Rxa1 Rxa1 34. Nb4 Ra8 35. Ned3 Rc8 36. Nf4 Qd7 37. Qc1 Qd6 38. Rc5 Qd7 39. Qc3 Qb7 40. Kh2 Qd7 41. Nfd3 Qe6 42. Nf4 Qd7 43. Kg2 Qb7 44. Nfd3 Qd7 45. Qc1 Qe6 46. Qc2 Qe4+ 47. Kh2 Qe6 48. Kg1 Qd7 49. Qa4 Qb7 50. Ra5 Qd7 51. Ra6 Rc7 52. Nc5 Qc8 53. Ncd3 Qd7 54. Ra8 Rc8 55. Rxc8 Qxc8 56. Qa6 Qb8 57. Kg2 Qd6 58. Nc5 g5 59. hxg5 Bxg5 60. Qb7 h4 61. Qd7 Qg6 62. Qh3 hxg3 63. f4 Nf5 64. fxg5 Qxg5 65. Nc2 Nh4+ 66. Kg1 g2 67. Ne1 Qh5 68. Qg3+ Kh7 69. Nxg2 Qd1+ 70. Ne1 Nf3+ 71. Qxf3 Qxe1+ 72. Kg2 Qd2+ 73. Kh3 Kg8 74. Qg2+ 1-0

[Event "North Island-ch"]
[Site "North Island"]
[Date "1996.??.??"]
[Round "8"]
[White "Barlow, Matthew"]
[Black "Guthrie, David"]
[Result "1-0"]
[WhiteElo "2175"]
[BlackElo "2110"]
[PlyCount "43"]
[EventDate "1996.??.??"]
[EventType "swiss"]
[EventRounds "8"]
[EventCountry "NZL"]
[SourceTitle "EXT 2003"]
[Source "ChessBase"]
[SourceDate "2002.11.25"]
[SourceVersion "1"]
[SourceVersionDate "2002.11.25"]
[SourceQuality "1"]

1. d4 Nf6 2. c4 g6 3. Nc3 Bg7 4. e4 d6 5. f3 0-0 6. Be3 e5 7. d5 c6 8. Qd2 cxd5 9. cxd5 a6 10. a4 Nh5 11. Bd3 Nf4 12. Bf1 f5 13. g3 Nh5 14. Nge2 Nd7 15. Bg2 Ndf6 16. 0-0 f4 17. gxf4 exf4 18. Nxf4 Nxf4 19. Bxf4 Nh5 20. Be3 Qh4 21. Ne2 Bd7 22. Bg5 1-0